Представление документа в формате MARC21

Поле Инд. ПП Название Значение
Тип записи a
Библиографический уровень m
001 Контрольный номер 059c67fd-b796-48fd-bdbf-484c39bcb64a
005 Дата корректировки 20250915104227.3
008 Кодируемые данные 080901
040 a Служба первич. каталог. НБ ТвГУ
041 0_ a Код языка текста rus
080 a Индекс УДК 517(075.8)
084 a Индекс другой классификации/Индекс ББК В161я73-1
090 a Полочн. индекс В161
x Авторский знак Г 62
100 1_ a Автор Голубев Александр Анатольевич
q Полное имя Голубев А. А.
245 10 a Заглавие Введение в анализ
b Продолж. заглавия учебное пособие
c Ответственность Федер. агентство по образованию, ГОУ ВПО "Твер. гос. ун-т"
260 a Место издания Тверь
b Издательство Тверской государственный университет
c Дата издания 2007
300 a Объем 158 с.
b Иллюстрации/ тип воспроизводства ил.
504 a Библиография Библиогр.: с. 155 (7 назв.)
583 a Действие Получение впервые 191 29.08.2008
k Исполнитель действия РИО
650 04 a Основная рубрика Математический анализ
x Основная подрубрика Учебники для вузов
653 0_ a Ключевые слова Математический анализ
a Ключевые слова Учебники для вузов
700 1_ a Другие авторы Суетин Валерий Юрьевич
q Полное имя Суетин В. Ю.
710 12 a Организация/ юрисдикция Тверской государственный университет
852 41 p Инвентарный номер 917615
p Инвентарный номер 917616
p Инвентарный номер 917617
p Инвентарный номер 917618
p Инвентарный номер 917619
p Инвентарный номер 917620
p Инвентарный номер 917621
p Инвентарный номер 917622
p Инвентарный номер 917623
p Инвентарный номер 917624
p Инвентарный номер 917625
p Инвентарный номер 917626
p Инвентарный номер 917627
p Инвентарный номер 917628
p Инвентарный номер 917629
p Инвентарный номер 917630
p Инвентарный номер 917631
p Инвентарный номер 917632
p Инвентарный номер 917633
p Инвентарный номер 917634
p Инвентарный номер 917635
p Инвентарный номер 917636
p Инвентарный номер 917637
p Инвентарный номер 917638
p Инвентарный номер 917639
p Инвентарный номер 917640
p Инвентарный номер 917641
p Инвентарный номер 917642
p Инвентарный номер 917643
p Инвентарный номер 917644
p Инвентарный номер 917645
p Инвентарный номер 917646
p Инвентарный номер 917647
p Инвентарный номер 917648
p Инвентарный номер 917649
p Инвентарный номер 917650
p Инвентарный номер 917651
p Инвентарный номер 917652
p Инвентарный номер 917653
p Инвентарный номер 917654
p Инвентарный номер 917655
p Инвентарный номер 917656
p Инвентарный номер 917657
p Инвентарный номер 917658
p Инвентарный номер 917659
p Инвентарный номер 917660
t Порядковый номер экземпляра 46
856 40 u URL http://texts.lib.tversu.ru/texts/01626ogl.pdf
z Примечание для пользователя Участвует в КО
863 t 00233498
863 t 00233499
863 t 00233500
863 t 00233501
863 t 00233502
863 t 00233503
863 t 00233504
863 t 00233505
863 t 00233506
863 t 00233507
863 t 00233508
863 t 00233509
863 t 00233510
863 t 00233511
863 t 00233512
863 t 00233513
863 t 00233514
863 t 00233515
863 t 00233516
863 t 00233517
863 t 00233518
863 t 00233519
863 t 00233520
863 t 00233521
863 t 00233522
863 t 00233523
863 t 00233524
863 t 00233525
863 t 00233526
863 t 00233527
863 t 00233528
863 t 00233529
863 t 00233530
863 t 00233531
863 t 00233532
863 t 00233533
863 t 00233534
863 t 00233535
863 t 00233536
863 t 00233537
863 t 00233538
863 t 00233539
863 t 00233540
863 t 00233541
863 t 00233542
863 t 00233543
888 a За счет средств университета
901 t Тип документа m
920 a Оператор Поля
a Оператор Густ
a Оператор Стро
930 a Новая/Ретро учебники
a Новая/Ретро полный текст
952 c Вид литературы К ру
p 191.2008 50.50 1 917615
p 191.2008 50.50 1 917616
p 191.2008 50.50 1 917617
p 191.2008 50.50 1 917618
p 191.2008 50.50 1 917619
p 191.2008 50.50 1 917620
p 191.2008 50.50 1 917621
p 191.2008 50.50 1 917622
p 191.2008 50.50 1 917623
p 191.2008 50.50 1 917624
p 191.2008 50.50 1 917625
p 191.2008 50.50 1 917626
p 191.2008 50.50 1 917627
p 191.2008 50.50 1 917628
p 191.2008 50.50 1 917629
p 191.2008 50.50 1 917630
p 191.2008 50.50 1 917631
p 191.2008 50.50 1 917632
p 191.2008 50.50 1 917633
p 191.2008 50.50 1 917634
p 191.2008 50.50 1 917635
p 191.2008 50.50 1 917636
p 191.2008 50.50 1 917637
p 191.2008 50.50 1 917638
p 191.2008 50.50 1 917639
p 191.2008 50.50 1 917640
p 191.2008 50.50 1 917641
p 191.2008 50.50 1 917642
p 191.2008 50.50 1 917643
p 191.2008 50.50 1 917644
p 191.2008 50.50 1 917645
p 191.2008 50.50 1 917646
p 191.2008 50.50 1 917647
p 191.2008 50.50 1 917648
p 191.2008 50.50 1 917649
p 191.2008 50.50 1 917650
p 191.2008 50.50 1 917651
p 191.2008 50.50 1 917652
p 191.2008 50.50 1 917653
p 191.2008 50.50 1 917654
p 191.2008 50.50 1 917655
p 191.2008 50.50 1 917656
p 191.2008 50.50 1 917657
p 191.2008 50.50 1 917658
p 191.2008 50.50 1 917659
p 191.2008 50.50 1 917660
954 a Дата поступления на обработку 20080901
c Дата окончания ОНО 20190124
b Дата поступления в ОК 20150320
999 a Подразделение 2 Фил3